Żywe istoty okładki Minecraft'a. - Statystyki

Ogólne statystyki
  • Ten quiz został rozwiązany 80 razy
    37 od ostatniego zresetowania
  • Średni wynik to 11 z 13
Statystyki odpowiedzi
Obrazkowy Odpowiedź % Poprawnych
Pies/Wilk
100%
Owca
97%
Pająk
97%
Świnia
97%
Zombi/Zombiak
97%
Creeper
94%
Szkielet
94%
Alex
91%
Steve
85%
Krowa
79%
Osadnik
59%
Kałamarnica
56%
Rybik Cukrowy/Silverfish
53%
Nie znaleziono quizów pasujących do podanych kryteriów
Rozkład punktacji
Procent ludzi z każdym wynikiem
Percentyl według liczby udzielonych odpowiedzi
Twoja historia wyników
Nie rozwiązałeś tego quizu od ostatniego zresetowania